000 00508 a2200169 4500
005 20250410133236.0
020 _a0-13-243960-3
082 _a657 HOR
100 _aHORNGREN, C. T.
245 _aAccounting.
250 _a7th Ed.
260 _aNew Jersey,
_bPearson Prentice Hall,
_c2007.
300 _axx,1298p.: Ill.; figures, picture & table.
_bBibliographical References and Index.
_c28cm.
700 _aHARRISON, W. T.
856 _yAccess Online Book
_fAccounting
_dwww.prenhall.com
942 _2ddc
_cBKS
999 _c1268
_d1268